000
00245nam a22001097a 4500
082
_a
658.159 CAR'O
100
_a
CARROLL, PHIL
_9
36449
245
_a
OVERHEAD COST CONTROL
260
_a
NEWYORK
_b
MCGRAW HILL
_c
1964
300
_a
314P
942
_c
BK
999
_c
567296
_d
567296